|
|
|
|
| LEADER |
01868nam a2200289 a 4500 |
| 001 |
GR-Patra20180 |
| 008 |
030610s1983 gr g u000 0 gre d |
| 040 |
|
|
|a GrPaTEI
|b gre
|c GR-PaULI
|
| 082 |
|
0 |
|a 721.2
|2 21
|
| 100 |
1 |
|
|a Meyer-Bohe, Walter
|
| 245 |
1 |
0 |
|a Διαμόρφωση εσωτερικών χώρων :
|b διαχωριστικοί τοίχοι (τοιχοπετάσματα), ψευδοροφές: στοιχεία της κατασκευής /
|c Walter Meyer-Bohe ; μετάφραση: Δημήτρης Μαλασπίνας.
|
| 260 |
|
|
|a Αθήνα :
|b Μόσχος Γκιούρδας,
|c 1983
|
| 300 |
|
|
|a 139 σ. :
|b εικ., πίν., σχήμ. ;
|c 25 εκ.
|
| 490 |
0 |
|
|a Αρχιτεκτονική και κατασκευή
|
| 500 |
|
|
|a Τίτλος πρωτοτύπου: Innenausbau. Trennwände, montagedecken
|
| 500 |
|
|
|a Τμήμα Ανακαίνισης και Αποκατάστασης Κτιρίων: 29150-29152
|
| 504 |
|
|
|a Περιλαμβάνει βιβλιογραφία
|
| 650 |
|
4 |
|a Αρχιτεκτονική εσωτερικού χώρου
|
| 650 |
|
4 |
|a Οικοδομική
|
| 700 |
1 |
|
|a Μαλασπίνας, Δημήτρης
|
| 710 |
0 |
|
|a Γκιούρδας
|
| 942 |
|
|
|2 ddc
|
| 952 |
|
|
|0 0
|1 0
|2 ddc
|4 0
|6 721_200000000000000_MEY
|7 0
|9 300633
|a LISK
|b LISK
|c BSC
|d 2021-01-17
|e 24
|f 0
|g 0.00
|l 0
|o 721.2 MEY
|p 92410029151
|r 2021-01-17 00:00:00
|t 1
|w 2021-01-17
|y BK15
|x 20061006 0 1
|x GrPaTEI
|
| 952 |
|
|
|0 0
|1 0
|2 ddc
|4 0
|6 721_200000000000000_MEY
|7 0
|9 300634
|a LISK
|b LISK
|c BSC
|d 2021-01-17
|e 24
|f 0
|g 0.00
|l 0
|o 721.2 MEY
|p 92410029152
|r 2021-01-17 00:00:00
|t 1
|w 2021-01-17
|y BK15
|x 20061006 0 1
|x GrPaTEI
|
| 952 |
|
|
|0 0
|1 0
|2 ddc
|4 0
|6 721_200000000000000_MEY
|7 1
|9 300635
|a LISK
|b LISK
|c BSC
|d 2021-01-17
|e 24
|f 0
|g 0.00
|l 0
|o 721.2 MEY
|p 92410029150
|r 2021-01-17 00:00:00
|t 1
|w 2021-01-17
|y BKN
|x 20061006 0 0
|x GrPaTEI
|
| 971 |
|
|
|a .b26677520
|b 15-04-20
|c 26-09-16
|
| 999 |
|
|
|c 174799
|d 174799
|